000 00556nam a2200217Ia 4500
003 OSt
005 20220924133900.0
006 a|||||r|||| 00| 0
007 ta
008 220923b |||||||| |||| 00| 0 pur d
024 _a269576
037 _cTextual
040 _aARTS
_cARTS
_bpur
041 _2pur
_apur
082 _aO164,1x45,N:g, 168J9
100 _aMunibur Rehman
_9207583
245 0 _aJadeed farsi shairi
260 _c1959
942 _hO164,1x45,N:g, 168J9
_cTEXL
_2CC
999 _c435597
_d435597